[Event "NB I. Charousek csoport"]
[Site "Komlo"]
[Date "2024.03.03"]
[Round "7.8"]
[White "Solty, Laszlo"]
[Black "Csoli, Odon"]
[Result "1-0"]
[WhiteElo "2043"]
[BlackElo "2066"]
[PlyCount "137"]
[EventDate "2023.10.08"]
[EventType "team-tourn"]
[EventRounds "11"]
[EventCountry "HUN"]
[Source "chess.hu"]
[WhiteTeam "Komloi BSK"]
[BlackTeam "Biatorbagy II"]
[WhiteTeamCountry "HUN"]
[BlackTeamCountry "HUN"]

1. e4 c5 2. Nf3 Nc6 3. d4 cxd4 4. Nxd4 e5 5. Nb5 d6 6. c4 f5 7. N1c3 a6 8. Na3
Nf6 9. Bd3 f4 10. Nc2 Be7 11. Qe2 O-O 12. Bd2 Be6 13. Nd5 Rc8 14. f3 b5 15. b3
bxc4 16. bxc4 Nd7 17. O-O Nc5 18. Rfc1 Rf7 19. Be1 Bf8 20. Rab1 Rb8 21. Qd1
Rfb7 22. Bf1 Rb2 23. Ncb4 Rxb1 24. Nxc6 Rxc1 25. Qxc1 Qe8 26. Nxb8 Qxb8 27. Bf2
Kf7 28. g3 g5 29. Qa3 Qb7 30. Qa5 h5 31. Qd8 Bxd5 32. cxd5 Qe7 33. Qc8 fxg3 34.
hxg3 Qf6 35. Be2 g4 36. Kg2 Be7 37. Bxc5 gxf3+ 38. Bxf3 dxc5 39. Bxh5+ Kg7 40.
Be2 a5 41. Qd7 Qd6 42. Qa7 Qd8 43. Qa6 Bd6 44. Qc6 Kf6 45. Bb5 Kg5 46. a4 Qf6
47. Be2 Qd8 48. Qb7 Kg6 49. Qb5 Qc7 50. Qc6 Qb8 51. Qd7 Qf8 52. Bg4 Kg5 53. Bf3
c4 54. Qc6 Bc5 55. Qe6 Bd4 56. Qg4+ Kh6 57. Qh5+ Kg7 58. Qg5+ Kh7 59. Qf5+ Qxf5
60. exf5 Kh6 61. Be4 Bc5 62. Kf3 Kg5 63. Bc2 Bd4 64. Bb1 Bc5 65. Ke4 Bd6 66.
Bc2 Kg4 67. f6 Kxg3 68. f7 Kf2 69. Kf5 1-0

[Event "NB I. Charousek csoport"]
[Site "Komlo"]
[Date "2024.03.03"]
[Round "7.9"]
[White "Nagy, Aron"]
[Black "Jaro, Benjamin"]
[Result "1-0"]
[WhiteElo "2074"]
[BlackElo "2025"]
[PlyCount "59"]
[EventDate "2023.10.08"]
[EventType "team-tourn"]
[EventRounds "11"]
[EventCountry "HUN"]
[Source "chess.hu"]
[WhiteTeam "Biatorbagy II"]
[BlackTeam "Komloi BSK"]
[WhiteTeamCountry "HUN"]
[BlackTeamCountry "HUN"]

1. d4 d5 2. e4 dxe4 3. Nc3 Nf6 4. Bg5 Bf5 5. f3 h6 6. Bxf6 exf6 7. Qe2 c6 8.
O-O-O Bb4 9. Nxe4 O-O 10. g4 Be6 11. a3 Be7 12. h4 b5 13. Nh3 f5 14. Nc5 Bc4
15. Qg2 Bxf1 16. Rhxf1 Bxh4 17. gxf5 Bg5+ 18. Kb1 Bf6 19. Nf4 a5 20. Nh5 Kh7
21. Ne4 Rg8 22. Nhxf6+ gxf6 23. Qd2 Nd7 24. Rh1 Qf8 25. Rh5 Rg5 26. Nxg5+ fxg5
27. Rdh1 Ra6 28. f6 c5 29. Qd3+ Kg8 30. Rxh6 1-0

[Event "NB I. Charousek csoport"]
[Site "Komlo"]
[Date "2024.03.03"]
[Round "7.10"]
[White "Lantos, Levente"]
[Black "Felmery, Tamas"]
[Result "1-0"]
[WhiteElo "2078"]
[BlackElo "1824"]
[PlyCount "43"]
[EventDate "2023.10.08"]
[EventType "team-tourn"]
[EventRounds "11"]
[EventCountry "HUN"]
[Source "chess.hu"]
[WhiteTeam "Komloi BSK"]
[BlackTeam "Biatorbagy II"]
[WhiteTeamCountry "HUN"]
[BlackTeamCountry "HUN"]

1. d4 d5 2. c4 dxc4 3. Nc3 e6 4. Nf3 Nf6 5. e3 a6 6. a4 Be7 7. Bxc4 O-O 8. O-O
Nc6 9. Qe2 Nb4 10. Rd1 c6 11. e4 Qa5 12. Be3 Qh5 13. h3 Bd7 14. Qd2 Rfd8 15.
Ne5 Qh4 16. Bg5 Nxe4 17. Bxh4 Nxd2 18. Bxe7 Nxc4 19. Nxc4 Re8 20. Bxb4 b5 21.
Nd6 Red8 22. Ba5 1-0

[Event "NB I. Charousek csoport"]
[Site "Komlo"]
[Date "2024.03.03"]
[Round "7.11"]
[White "Felmery, Adam"]
[Black "Juhasz, Zoltan"]
[Result "0-1"]
[WhiteElo "1836"]
[BlackElo "1994"]
[PlyCount "66"]
[EventDate "2023.10.08"]
[EventType "team-tourn"]
[EventRounds "11"]
[EventCountry "HUN"]
[Source "chess.hu"]
[WhiteTeam "Biatorbagy II"]
[BlackTeam "Komloi BSK"]
[WhiteTeamCountry "HUN"]
[BlackTeamCountry "HUN"]

1. d4 Nf6 2. Bf4 g6 3. Nd2 Bg7 4. e4 d6 5. Ngf3 O-O 6. h3 Nbd7 7. g4 c5 8. c3
b6 9. d5 a6 10. a4 Rb8 11. c4 Ne8 12. Qc1 Ne5 13. Nxe5 dxe5 14. Be3 Nd6 15. Be2
e6 16. h4 f5 17. Bg5 Bf6 18. Bh6 Re8 19. g5 Bh8 20. Bd3 Nf7 21. Nf3 Bb7 22. Qd2
exd5 23. cxd5 Bxd5 24. exd5 e4 25. Bc4 exf3+ 26. Kd1 b5 27. axb5 axb5 28. Bf1
Re4 29. Bd3 Rd4 30. Kc2 c4 31. Qe3 Rxd3 32. Qe6 Qxd5 33. Qe2 fxe2 0-1

[Event "NB I. Charousek csoport"]
[Site "Komlo"]
[Date "2024.03.03"]
[Round "7.12"]
[White "Csiszar, Viktoria"]
[Black "Zsaki, Akos"]
[Result "1-0"]
[WhiteElo "1892"]
[BlackElo "1708"]
[PlyCount "157"]
[EventDate "2023.10.08"]
[EventType "team-tourn"]
[EventRounds "11"]
[EventCountry "HUN"]
[Source "chess.hu"]
[WhiteTeam "Komloi BSK"]
[BlackTeam "Biatorbagy II"]
[WhiteTeamCountry "HUN"]
[BlackTeamCountry "HUN"]

1. e4 c5 2. Nc3 Nc6 3. g3 g6 4. Bg2 Bg7 5. d3 d6 6. Nge2 Rb8 7. O-O Bd7 8. Be3
Nh6 9. h3 f5 10. Nf4 O-O 11. Qd2 Nf7 12. exf5 Bxf5 13. g4 Bd7 14. Ne4 Bxb2 15.
c3 Bxa1 16. Rxa1 Nce5 17. Qe2 b6 18. d4 cxd4 19. cxd4 Nc6 20. d5 Nb4 21. a3
Nxd5 22. Nxd5 Bc6 23. Nb4 Bb7 24. Ng5 Nxg5 25. Bxg5 Bxg2 26. Kxg2 Qd7 27. Qxe7
Rf7 28. Qxd7 Rxd7 29. Nd5 Rf7 30. Re1 Kg7 31. Re6 Rbf8 32. Be3 Rd8 33. Bd4+ Kf8
34. Bf6 Rdd7 35. Bg5 Kg7 36. Be3 b5 37. Bd4+ Kf8 38. Be3 Kg7 39. h4 a5 40. h5
b4 41. h6+ Kf8 42. axb4 axb4 43. Nxb4 Rfe7 44. Rf6+ Rf7 45. Bd4 Rxf6 46. Bxf6
d5 47. Kf3 Kf7 48. g5 Ke6 49. Ke3 Rc7 50. Nd3 Rc4 51. Nf4+ Kf7 52. Nxd5 Ra4 53.
Nf4 Rb4 54. Bd4 Rb5 55. Bf6 Rb4 56. Nd5 Ra4 57. Bd4 Ra5 58. Ke4 Ke6 59. Nf4+
Kf7 60. Bf6 Rf5 61. f3 Ra5 62. Be5 Ra4+ 63. Bd4 Ra5 64. Nh3 Ke6 65. f4 Ra2 66.
Nf2 Re2+ 67. Be3 Ra2 68. Nd3 Ra4+ 69. Bd4 Rc4 70. Ne5 Rc7 71. Ng4 Rb7 72. Bg7
Rb4+ 73. Kf3 Rb3+ 74. Ke2 Kf5 75. Nf6 Kxf4 76. Nxh7 Rb8 77. Nf8 Rb1 78. h7 Rh1
79. Bh6 1-0

[Event "NB I. Charousek csoport"]
[Site "Gyor"]
[Date "2024.03.03"]
[Round "7.1"]
[White "Horvath, Adam"]
[Black "Margl, Roland"]
[Result "1-0"]
[WhiteElo "2440"]
[BlackElo "2285"]
[PlyCount "119"]
[EventDate "2023.10.08"]
[EventType "team-tourn"]
[EventRounds "11"]
[EventCountry "HUN"]
[Source "chess.hu"]
[WhiteTeam "Z.Csuti-Hydrocomp SK"]
[BlackTeam "Szechenyi ESE Gyor"]
[WhiteTeamCountry "HUN"]
[BlackTeamCountry "HUN"]

1. e4 c6 2. d4 d5 3. Nc3 dxe4 4. Nxe4 Bf5 5. Ng3 Bg6 6. h4 h6 7. Nf3 e6 8. h5
Bh7 9. Bd3 Bxd3 10. Qxd3 Nf6 11. Bd2 c5 12. Ne4 Nc6 13. Bc3 cxd4 14. Nxd4 Nb4
15. Nxf6+ gxf6 16. Qb5+ Qd7 17. Qxd7+ Kxd7 18. Rd1 Nd5 19. Bd2 Rc8 20. b3 b5
21. Nxb5 Rxc2 22. Nc3 Bb4 23. Nxd5 Bxd2+ 24. Rxd2 Rc1+ 25. Rd1 Rxd1+ 26. Kxd1
exd5 27. Rh4 Ke6 28. Ra4 Ra8 29. Ra6+ Kf5 30. Kd2 Kg5 31. Kd3 f5 32. Kd4 Kxh5
33. b4 Rc8 34. Ke5 Rc2 35. Rxa7 Rxf2 36. a4 Rxg2 37. b5 Rb2 38. Rb7 Ra2 39. Ra7
Rb2 40. Kxd5 f4 41. Kc4 f5 42. Rd7 f3 43. Rd1 f2 44. Kc3 Re2 45. Rf1 Kg4 46. b6
Kg3 47. b7 Re8 48. a5 Kg2 49. Rb1 Re1 50. Rb2 Re3+ 51. Kc4 Re4+ 52. Kd5 Rb4 53.
Rxb4 f1=Q 54. b8=Q Qf3+ 55. Ke6 Qc6+ 56. Ke7 Qc5+ 57. Qd6 Qe3+ 58. Kf7 Qa7+ 59.
Kf6 Qxa5 60. Qd2+ 1-0

[Event "NB I. Charousek csoport"]
[Site "Gyor"]
[Date "2024.03.03"]
[Round "7.2"]
[White "Gyurkovics, Bence Dr"]
[Black "Meszaros, Tamas"]
[Result "1/2-1/2"]
[WhiteElo "2258"]
[BlackElo "2373"]
[PlyCount "120"]
[EventDate "2023.10.08"]
[EventType "team-tourn"]
[EventRounds "11"]
[EventCountry "HUN"]
[Source "chess.hu"]
[WhiteTeam "Szechenyi ESE Gyor"]
[BlackTeam "Z.Csuti-Hydrocomp SK"]
[WhiteTeamCountry "HUN"]
[BlackTeamCountry "HUN"]

1. d4 Nf6 2. c4 g6 3. Nf3 Bg7 4. Nc3 d5 5. e3 O-O 6. Qb3 e6 7. Bd2 b6 8. Rc1
Bb7 9. Be2 Nbd7 10. O-O dxc4 11. Qxc4 c5 12. dxc5 Nxc5 13. Rfd1 Rc8 14. Be1 Nd5
15. Nxd5 Bxd5 16. Qb4 Qe7 17. Qa3 Rfd8 18. h3 Bf8 19. b3 a5 20. Bc3 Ne4 21.
Qxe7 Bxe7 22. Bd4 Ba3 23. Rxc8 Rxc8 24. Bxb6 Nc3 25. Rd2 Bb4 26. Ne5 Ne4 27.
Rd1 Nc3 28. Rd2 Nxe2+ 29. Rxe2 Rc1+ 30. Kh2 Be4 31. Bd4 f6 32. Nd7 Bd3 33.
Nxf6+ Kf7 34. Rb2 Ba3 35. Rd2 Bd6+ 36. f4 Bb1 37. Bb2 Rc2 38. Rxc2 Bxc2 39.
Nxh7 Bb1 40. Ng5+ Ke7 41. a3 Bc2 42. b4 axb4 43. axb4 Bxb4 44. Bd4 Kd6 45. Nf7+
Kd5 46. Ne5 Bd6 47. Nf3 Bd1 48. Kg3 Ke4 49. Nh4 g5 50. Nf3 gxf4+ 51. Kf2 e5 52.
Bb6 fxe3+ 53. Bxe3 Bxf3 54. gxf3+ Kf5 55. Kg3 e4+ 56. f4 Bb4 57. h4 Bf8 58. h5
Bd6 59. Kf2 Bf8 60. Kg3 Bd6 1/2-1/2

[Event "NB I. Charousek csoport"]
[Site "Gyor"]
[Date "2024.03.03"]
[Round "7.3"]
[White "Nagy, Kristof"]
[Black "Molnar, Erno"]
[Result "1/2-1/2"]
[WhiteElo "2217"]
[BlackElo "2220"]
[PlyCount "82"]
[EventDate "2023.10.08"]
[EventType "team-tourn"]
[EventRounds "11"]
[EventCountry "HUN"]
[Source "chess.hu"]
[WhiteTeam "Z.Csuti-Hydrocomp SK"]
[BlackTeam "Szechenyi ESE Gyor"]
[WhiteTeamCountry "HUN"]
[BlackTeamCountry "HUN"]

1. d4 d5 2. Nf3 Nf6 3. Bf4 e6 4. e3 Be7 5. Bd3 O-O 6. Nbd2 Nbd7 7. h3 Re8 8.
O-O Nf8 9. Ne5 N6d7 10. Bh2 f6 11. Nxd7 Qxd7 12. f4 c5 13. c3 Bd6 14. Qf3 b6
15. Rf2 Bb7 16. Raf1 Rad8 17. h4 Qf7 18. h5 Qc7 19. g4 Re7 20. Bg3 Rf7 21. Bh4
Re8 22. Qh3 Qc8 23. Bb1 Ba6 24. Re1 Qd7 25. g5 f5 26. g6 hxg6 27. hxg6 Nxg6 28.
Bg5 Rff8 29. Rg2 Kf7 30. Nf3 Rh8 31. Qg3 Reg8 32. dxc5 bxc5 33. b3 c4 34. b4
Nf8 35. Bh4 g6 36. Rd1 Bb7 37. Bc2 Rh5 38. Rgd2 Rgh8 39. Rh2 Kg7 40. Rdd2 Qc7
41. Bd1 R5h6 1/2-1/2

[Event "NB I. Charousek csoport"]
[Site "Gyor"]
[Date "2024.03.03"]
[Round "7.4"]
[White "Csidey, Csongor"]
[Black "Pogany, Zsombor"]
[Result "0-1"]
[WhiteElo "2066"]
[BlackElo "2204"]
[PlyCount "62"]
[EventDate "2023.10.08"]
[EventType "team-tourn"]
[EventRounds "11"]
[EventCountry "HUN"]
[Source "chess.hu"]
[WhiteTeam "Szechenyi ESE Gyor"]
[BlackTeam "Z.Csuti-Hydrocomp SK"]
[WhiteTeamCountry "HUN"]
[BlackTeamCountry "HUN"]

1. e4 c6 2. d4 d5 3. e5 Bf5 4. h4 h5 5. Bd3 Bxd3 6. Qxd3 e6 7. Bg5 Qb6 8. Nd2
c5 9. c4 Qxb2 10. Rd1 Nc6 11. cxd5 Qxd4 12. Qb3 Qxe5+ 13. Ne2 Nd4 14. Qd3 Qxe2+
15. Qxe2 Nxe2 16. Kxe2 exd5 17. Nb3 f6 18. Bf4 O-O-O 19. Kf3 b6 20. Rhe1 Ne7
21. Re6 d4 22. Rc1 Kd7 23. Re4 Nc6 24. Nd2 Bd6 25. Rce1 Bxf4 26. Kxf4 Rhe8 27.
f3 Rxe4+ 28. Nxe4 Re8 29. g4 Ne5 30. Rg1 hxg4 31. fxg4 Ng6+ 0-1

[Event "NB I. Charousek csoport"]
[Site "Gyor"]
[Date "2024.03.03"]
[Round "7.5"]
[White "Csiszar, Zoltan"]
[Black "Voros, Gellert"]
[Result "1/2-1/2"]
[WhiteElo "2253"]
[BlackElo "2118"]
[PlyCount "82"]
[EventDate "2023.10.08"]
[EventType "team-tourn"]
[EventRounds "11"]
[EventCountry "HUN"]
[Source "chess.hu"]
[WhiteTeam "Z.Csuti-Hydrocomp SK"]
[BlackTeam "Szechenyi ESE Gyor"]
[WhiteTeamCountry "HUN"]
[BlackTeamCountry "HUN"]

1. d4 d5 2. c4 c6 3. e3 Nf6 4. Nc3 e6 5. Nf3 Nbd7 6. Qc2 Bd6 7. b3 O-O 8. Be2
dxc4 9. bxc4 e5 10. O-O Re8 11. Rd1 Qe7 12. a4 a5 13. Qb3 e4 14. Nd2 Nb8 15.
Ba3 Bxa3 16. Qxa3 Qxa3 17. Rxa3 Na6 18. c5 Nb4 19. Nc4 Nfd5 20. Nd6 Nxc3 21.
Rxc3 Re7 22. Rb1 Be6 23. Bc4 Bd5 24. Bxd5 cxd5 25. Nb5 f5 26. Na3 Rd7 27. Nc2
Nc6 28. Rcb3 Ra7 29. Rb6 g6 30. Kf1 Kf8 31. Ke2 Ke7 32. Na3 Nb4 33. Kd2 Kd8 34.
Nb5 Ra6 35. Rxa6 bxa6 36. Na3 Rb7 37. Nc2 Kc7 38. Rb2 Nd3 39. Rxb7+ Kxb7 40. f3
Nb2 41. Kc3 Nc4 1/2-1/2

[Event "NB I. Charousek csoport"]
[Site "Gyor"]
[Date "2024.03.03"]
[Round "7.6"]
[White "Papp, Gabor Dr"]
[Black "Horvath, Sandor"]
[Result "0-1"]
[WhiteElo "2006"]
[BlackElo "2202"]
[PlyCount "120"]
[EventDate "2023.10.08"]
[EventType "team-tourn"]
[EventRounds "11"]
[EventCountry "HUN"]
[Source "chess.hu"]
[WhiteTeam "Szechenyi ESE Gyor"]
[BlackTeam "Z.Csuti-Hydrocomp SK"]
[WhiteTeamCountry "HUN"]
[BlackTeamCountry "HUN"]

1. d4 Nf6 2. Nf3 e6 3. c4 Bb4+ 4. Bd2 Qe7 5. a3 Bxd2+ 6. Nbxd2 d5 7. e3 O-O 8.
Be2 Nbd7 9. O-O b6 10. cxd5 exd5 11. Rc1 c5 12. Re1 Bb7 13. Qa4 Rfc8 14. Ba6
Bc6 15. Bb5 Bxb5 16. Qxb5 a6 17. Qe2 c4 18. e4 Nxe4 19. Nxe4 Qxe4 20. Qxe4 dxe4
21. Rxe4 Nf6 22. Re7 Nd5 23. Rd7 Nf4 24. Kf1 b5 25. Ne1 Rd8 26. Rxd8+ Rxd8 27.
g3 Ne6 28. Nc2 Nxd4 29. Rd1 Nc6 30. Rxd8+ Nxd8 31. Nb4 a5 32. Nd5 Nc6 33. Ke2
f6 34. a4 bxa4 35. Ne3 Ne5 36. f4 Nd3 37. Nxc4 Nxb2 38. Nxa5 a3 39. Nb3 Kf7 40.
Kd2 Ke6 41. Kc2 Kd5 42. Kc3 Nd1+ 43. Kb4 a2 44. Ka3 Ne3 45. Kxa2 Nf1 46. Kb2
Nxh2 47. Kc2 Nf1 48. Kd3 Nxg3 49. Nd2 Ke6 50. Ke3 Kf5 51. Nf3 h5 52. Nd4+ Kg4
53. Ne6 Nf5+ 54. Kf2 h4 55. Kg2 h3+ 56. Kh2 Kh4 57. Kg1 Kg3 58. Kh1 g6 59. Nf8
Ne3 60. Nxg6 Ng4 0-1

[Event "NB I. Charousek csoport"]
[Site "Gyor"]
[Date "2024.03.03"]
[Round "7.7"]
[White "Forgo, Eva"]
[Black "Pram, Imre"]
[Result "1-0"]
[WhiteElo "2065"]
[BlackElo "2038"]
[PlyCount "71"]
[EventDate "2023.10.08"]
[EventType "team-tourn"]
[EventRounds "11"]
[EventCountry "HUN"]
[Source "chess.hu"]
[WhiteTeam "Z.Csuti-Hydrocomp SK"]
[BlackTeam "Szechenyi ESE Gyor"]
[WhiteTeamCountry "HUN"]
[BlackTeamCountry "HUN"]

1. e4 c5 2. Nf3 e6 3. d4 cxd4 4. Nxd4 a6 5. Bd3 Nc6 6. Nb3 b5 7. O-O Nf6 8. Qe2
Bb7 9. e5 Nd5 10. a4 Qc7 11. f4 b4 12. a5 g5 13. f5 Qxe5 14. fxe6 dxe6 15. Qh5
Nf4 16. Bxf4 gxf4 17. Qxe5 Nxe5 18. Rxf4 Nxd3 19. cxd3 Rd8 20. d4 Rg8 21. g3
Bh6 22. Rh4 Be3+ 23. Kf1 h6 24. N1d2 Bg5 25. Rh5 Bc6 26. Ke1 Rg6 27. Ke2 e5 28.
dxe5 Re6 29. Re1 Rxe5+ 30. Kf2 Rxe1 31. Kxe1 Bd7 32. Ne4 Be3 33. Nf6+ Kf8 34.
Rd5 Ke7 35. Nxd7 Ba7 36. Nf6 1-0

[Event "NB I. Charousek csoport"]
[Site "Gyor"]
[Date "2024.03.03"]
[Round "7.8"]
[White "Szabo, Laszlo"]
[Black "Boronyak, Arpad"]
[Result "0-1"]
[WhiteElo "1990"]
[BlackElo "2060"]
[PlyCount "66"]
[EventDate "2023.10.08"]
[EventType "team-tourn"]
[EventRounds "11"]
[EventCountry "HUN"]
[Source "chess.hu"]
[WhiteTeam "Szechenyi ESE Gyor"]
[BlackTeam "Z.Csuti-Hydrocomp SK"]
[WhiteTeamCountry "HUN"]
[BlackTeamCountry "HUN"]

1. e4 e6 2. d4 d5 3. Nd2 Nf6 4. e5 Nfd7 5. f4 c5 6. c3 Nc6 7. Ndf3 cxd4 8. cxd4
Qb6 9. g3 Bb4+ 10. Kf2 f6 11. Kg2 O-O 12. Bd3 f5 13. Ne2 Be7 14. h3 Rf7 15. g4
Nf8 16. g5 Bd7 17. h4 Rc8 18. h5 g6 19. b3 Nb4 20. Bb1 Bb5 21. Be3 Qa6 22. Ng3
Qc6 23. Bd2 Nd3 24. Bxd3 Bxd3 25. Rc1 Bc2 26. Qe2 Ba3 27. Rcf1 Be4 28. hxg6
Nxg6 29. Nxe4 dxe4 30. Nh4 e3+ 31. Kg1 exd2 32. Nxg6 hxg6 33. Qh2 Rg7 0-1

[Event "NB I. Charousek csoport"]
[Site "Gyor"]
[Date "2024.03.03"]
[Round "7.9"]
[White "Meszaros, Casey Ryan"]
[Black "Molnar, Gabor"]
[Result "1-0"]
[WhiteElo "1941"]
[BlackElo "1986"]
[PlyCount "57"]
[EventDate "2023.10.08"]
[EventType "team-tourn"]
[EventRounds "11"]
[EventCountry "HUN"]
[Source "chess.hu"]
[WhiteTeam "Z.Csuti-Hydrocomp SK"]
[BlackTeam "Szechenyi ESE Gyor"]
[WhiteTeamCountry "HUN"]
[BlackTeamCountry "HUN"]

1. e4 e6 2. d4 d5 3. Nc3 Bb4 4. e5 c5 5. a3 Bxc3+ 6. bxc3 Ne7 7. Qg4 Qc7 8. Bd2
cxd4 9. cxd4 Qxc2 10. Qxg7 Qe4+ 11. Ne2 Rg8 12. Qh6 Nbc6 13. f3 Qd3 14. Qe3 Qc4
15. g4 Bd7 16. Rc1 Qa4 17. Bg2 Na5 18. Bxa5 Qxa5+ 19. Qc3 Qa6 20. Kf2 Ng6 21.
h4 Bb5 22. Bf1 Bc4 23. Ng3 Nf4 24. Qe3 Nd3+ 25. Bxd3 Bxd3 26. Nh5 Rg6 27. Nf6+
Kd8 28. h5 Rxf6 29. Qg5 1-0

[Event "NB I. Charousek csoport"]
[Site "Gyor"]
[Date "2024.03.03"]
[Round "7.10"]
[White "Kocsis, Tihamer"]
[Black "Bardossi, Jeno"]
[Result "0-1"]
[WhiteElo "1948"]
[BlackElo "2044"]
[PlyCount "90"]
[EventDate "2023.10.08"]
[EventType "team-tourn"]
[EventRounds "11"]
[EventCountry "HUN"]
[Source "chess.hu"]
[WhiteTeam "Szechenyi ESE Gyor"]
[BlackTeam "Z.Csuti-Hydrocomp SK"]
[WhiteTeamCountry "HUN"]
[BlackTeamCountry "HUN"]

1. e4 c5 2. Nc3 Nc6 3. Bb5 Nd4 4. Nf3 Nxb5 5. Nxb5 a6 6. Nc3 b5 7. d4 cxd4 8.
Qxd4 e6 9. Bg5 Qc7 10. O-O Qc5 11. Qd3 Bb7 12. Rad1 d6 13. Rfe1 Rc8 14. a3 Qc7
15. Rd2 Be7 16. Bxe7 Kxe7 17. Nd4 Nf6 18. Ndxb5 axb5 19. Nxb5 Ba6 20. Qxd6+
Qxd6 21. Nxd6 Rb8 22. c4 Ne8 23. e5 Nxd6 24. exd6+ Kd7 25. c5 Rb3 26. Rc1 Bb5
27. f3 Rb8 28. Kf2 Bc6 29. Rcc2 Bd5 30. Ke2 Kc6 31. Ke1 R8b5 32. Kd1 Ra5 33.
Kc1 Ra7 34. Re2 Rb5 35. Re3 Rxc5 36. b4 Rxc2+ 37. Kxc2 Kxd6 38. Kb2 Bc4 39. f4
Bd5 40. g3 g6 41. Rc3 f6 42. Rc8 e5 43. fxe5+ fxe5 44. Rd8+ Ke6 45. b5 e4 0-1

[Event "NB I. Charousek csoport"]
[Site "Gyor"]
[Date "2024.03.03"]
[Round "7.11"]
[White "Majoros, Rozsa Evelin"]
[Black "Horvath, Laszlo"]
[Result "1/2-1/2"]
[WhiteElo "1995"]
[BlackElo "1903"]
[PlyCount "48"]
[EventDate "2023.10.08"]
[EventType "team-tourn"]
[EventRounds "11"]
[EventCountry "HUN"]
[Source "chess.hu"]
[WhiteTeam "Z.Csuti-Hydrocomp SK"]
[BlackTeam "Szechenyi ESE Gyor"]
[WhiteTeamCountry "HUN"]
[BlackTeamCountry "HUN"]

1. e4 Nf6 2. e5 Nd5 3. d4 d6 4. Nf3 dxe5 5. Nxe5 g6 6. Bc4 c6 7. O-O Bg7 8. Re1
O-O 9. Bb3 Be6 10. Nd2 Nd7 11. Ndf3 Nxe5 12. Nxe5 Nc7 13. c3 Bxb3 14. Qxb3 Nb5
15. a4 Nd6 16. Bf4 Re8 17. a5 Qc8 18. c4 c5 19. d5 Nf5 20. Rad1 Nd4 21. Qa4 Qf5
22. Bg3 Nc2 23. Re2 Nd4 24. Ree1 Nc2 1/2-1/2

[Event "NB I. Charousek csoport"]
[Site "Gyor"]
[Date "2024.03.03"]
[Round "7.12"]
[White "Fulop, Julia Paula"]
[Black "Borocz, Lorinc"]
[Result "0-1"]
[WhiteElo "1622"]
[BlackElo "1954"]
[PlyCount "82"]
[EventDate "2023.10.08"]
[EventType "team-tourn"]
[EventRounds "11"]
[EventCountry "HUN"]
[Source "chess.hu"]
[WhiteTeam "Szechenyi ESE Gyor"]
[BlackTeam "Z.Csuti-Hydrocomp SK"]
[WhiteTeamCountry "HUN"]
[BlackTeamCountry "HUN"]

1. e4 c5 2. Nc3 Nc6 3. f4 e6 4. Nf3 Nge7 5. Bb5 a6 6. Bxc6 Nxc6 7. d3 Be7 8.
O-O O-O 9. Rb1 d5 10. e5 b5 11. Ne2 Rb8 12. Kh1 d4 13. Ng3 Qd5 14. b3 Bb7 15.
Ne4 Rbc8 16. Qe1 Nb4 17. Rb2 f5 18. exf6 gxf6 19. Qg3+ Kh8 20. Qh3 c4 21. Nh4
Qh5 22. Qxe6 Rce8 23. Nf5 Bc8 24. Nfg3 Bxe6 25. Nxh5 c3 26. Rb1 Nxc2 27. f5 Bd5
28. Bh6 Rg8 29. g3 Bxe4+ 30. dxe4 Bd8 31. Rf4 Nb4 32. a3 Nd3 33. Rf3 Ne5 34.
Rf4 Nf7 35. Ng7 Re5 36. Ne6 Nxh6 37. Rd1 Bb6 38. Nxd4 Rd8 39. Rf3 Rxd4 40. Rxd4
Bxd4 41. Rd3 c2 0-1

[Event "NB I. Charousek csoport"]
[Site "Paks"]
[Date "2024.03.03"]
[Round "7.1"]
[White "Vertetics, Attila"]
[Black "Videki, Sandor"]
[Result "1/2-1/2"]
[WhiteElo "2445"]
[BlackElo "2336"]
[PlyCount "43"]
[EventDate "2023.10.08"]
[EventType "team-tourn"]
[EventRounds "11"]
[EventCountry "HUN"]
[Source "chess.hu"]
[WhiteTeam "Gyori Elektromos"]
[BlackTeam "ASE II. Paks"]
[WhiteTeamCountry "HUN"]
[BlackTeamCountry "HUN"]

1. d4 Nf6 2. c4 c5 3. d5 d6 4. Nc3 g6 5. e4 Bg7 6. Nf3 O-O 7. h3 Na6 8. Bd3 Nc7
9. O-O e6 10. a4 Na6 11. Bg5 Nb4 12. Bb1 h6 13. Be3 e5 14. Qd2 Kh7 15. Nh2 Qe7
16. Ra3 a6 17. a5 b5 18. axb6 Rb8 19. Na4 Nd7 20. Rc1 Nxb6 21. Nxb6 Rxb6 22.
Nf1 1/2-1/2

[Event "NB I. Charousek csoport"]
[Site "Paks"]
[Date "2024.03.03"]
[Round "7.2"]
[White "Molnar, Bela"]
[Black "Ezsol, Miklos"]
[Result "1/2-1/2"]
[WhiteElo "2293"]
[BlackElo "2326"]
[PlyCount "64"]
[EventDate "2023.10.08"]
[EventType "team-tourn"]
[EventRounds "11"]
[EventCountry "HUN"]
[Source "chess.hu"]
[WhiteTeam "ASE II. Paks"]
[BlackTeam "Gyori Elektromos"]
[WhiteTeamCountry "HUN"]
[BlackTeamCountry "HUN"]

1. e4 Nf6 2. e5 Nd5 3. c4 Nb6 4. c5 Nd5 5. Nc3 e6 6. Bc4 Nxc3 7. dxc3 Bxc5 8.
Qg4 Kf8 9. Bf4 d5 10. O-O-O Bd7 11. Bd3 Nc6 12. Nf3 h5 13. Qg3 Be7 14. h4 Qe8
15. Bg5 Rc8 16. Qf4 Kg8 17. Rde1 Qf8 18. Bxe7 Nxe7 19. g4 g6 20. Ng5 Qg7 21.
gxh5 Rxh5 22. Be2 Rh8 23. h5 Rf8 24. h6 Rxh6 25. Rxh6 Qxh6 26. Bf3 Qg7 27. Rh1
Nc6 28. Nh7 Qxh7 29. Rxh7 Kxh7 30. Qf6 Kg8 31. Be2 Re8 32. f4 Ne7 1/2-1/2

[Event "NB I. Charousek csoport"]
[Site "Paks"]
[Date "2024.03.03"]
[Round "7.3"]
[White "Schmikli, Laszlo"]
[Black "Forgacs, Attila Jr"]
[Result "1/2-1/2"]
[WhiteElo "2165"]
[BlackElo "2267"]
[PlyCount "45"]
[EventDate "2023.10.08"]
[EventType "team-tourn"]
[EventRounds "11"]
[EventCountry "HUN"]
[Source "chess.hu"]
[WhiteTeam "Gyori Elektromos"]
[BlackTeam "ASE II. Paks"]
[WhiteTeamCountry "HUN"]
[BlackTeamCountry "HUN"]

1. e4 e5 2. Nf3 Nc6 3. d4 exd4 4. c3 d5 5. exd5 Qxd5 6. cxd4 Bg4 7. Be2 Bb4+ 8.
Nc3 Bxf3 9. Bxf3 Qc4 10. Qb3 Qxb3 11. axb3 Nge7 12. Bf4 f6 13. Be3 O-O-O 14.
O-O a6 15. Rfd1 Rhe8 16. g3 Kb8 17. Ra4 a5 18. Raa1 Rd7 19. Rac1 Red8 20. Nb5
Nd5 21. Nc3 Nde7 22. Nb5 Nd5 23. Nc3 1/2-1/2

[Event "NB I. Charousek csoport"]
[Site "Paks"]
[Date "2024.03.03"]
[Round "7.4"]
[White "Bernath, Bence"]
[Black "Borzsei, Andras"]
[Result "1-0"]
[WhiteElo "2255"]
[BlackElo "2126"]
[PlyCount "81"]
[EventDate "2023.10.08"]
[EventType "team-tourn"]
[EventRounds "11"]
[EventCountry "HUN"]
[Source "chess.hu"]
[WhiteTeam "ASE II. Paks"]
[BlackTeam "Gyori Elektromos"]
[WhiteTeamCountry "HUN"]
[BlackTeamCountry "HUN"]

1. e4 c5 2. Nf3 e6 3. d4 cxd4 4. Nxd4 Nc6 5. Nc3 Qc7 6. Be3 a6 7. a3 b5 8. Nxc6
Qxc6 9. Be2 Bb7 10. O-O Rc8 11. Qd3 Nf6 12. Rfd1 Bc5 13. Bf3 e5 14. Rd2 O-O 15.
g4 b4 16. Nd5 bxa3 17. Bxc5 axb2 18. Ne7+ Kh8 19. Rb1 Qxc5 20. Nxc8 Rxc8 21. g5
Ng8 22. Qxd7 Rc7 23. Qd3 Qb4 24. c4 Qxc4 25. Qxc4 Rxc4 26. Rbxb2 Rc7 27. Rd8 g6
28. Rbd2 Kg7 29. R2d7 Rc1+ 30. Kg2 Bc8 31. Ra7 Be6 32. Re8 Rc6 33. Raa8 f6 34.
Ra7+ Bf7 35. h4 h6 36. Bd1 Rb6 37. Bg4 f5 38. exf5 hxg5 39. hxg5 gxf5 40. Bh5
Rg6 41. Rxf7+ 1-0